000 00887nam a22002297a 4500
999 _c4954
_d4954
003 AR-CdUCM
008 190311b ||||| |||| 00| 0 spa d
040 _aMUNICIPALIDAD PROVINCIAL DEL CUSCO
_cBIBLIOTECA MUNICIPAL DEL CUSCO
082 _22ed.
_a310.6 /
_bC37
110 _aCentro de estudios para el desarrollo laboral y agrario
_915190
245 _aEl sector informal urbano en Bolivia /
260 _aLa paz :
_bEdobol,
_c1988.
300 _a325 paginas ;
_bIlustraciones,
_c20 cm.
505 _aSector informal urbano -- Análisis del sector informal urbano en américa latina -- La medición del sector informal urbano en américa latina ...
650 _aEconomía informal
_915191
650 _aAmérica Latina
_91130
650 _aTrabajo y trabajadores
_99211
650 _aCondiciones económicas
_91989
710 _aFLASCO
_915192
942 _2ddc
_cLIBROS
945 _aacv